[Event "URS Army-ch Final"]
[Site "Gomel"]
[Date "1983.08.??"]
[Round "?"]
[White "Karasev, Vladimir I"]
[Black "Tseitlin, Mark D"]
[Result "0-1"]
[WhiteElo "2375"]
[BlackElo "2455"]
[PlyCount "126"]
[EventDate "1983.08.??"]
[EventType "swiss"]
[EventRounds "17"]
[EventCountry "URS"]
[SourceTitle "EXT 2009"]
[Source "ChessBase"]
[SourceDate "2008.11.26"]
[SourceVersion "1"]
[SourceVersionDate "2008.11.26"]
[SourceQuality "1"]

1. Nf3 Nf6 2. c4 g6 3. g3 Bg7 4. Bg2 O-O 5. O-O d6 6. d4 Nc6 7. Nc3 Bf5 8. d5
Na5 9. Nd4 Bd7 10. b3 c5 11. dxc6 bxc6 12. Bb2 Rb8 13. Rb1 Qc8 14. e4 (14. Qd2
Bh3 15. Rfd1 Bxg2 16. Kxg2 Rd8 17. Nf3 Nb7 18. Qe3 Rd7 19. h3 Nc5 20. Ne5 Rdb7
21. Nd3 Nxd3 22. Qxd3 Qe6 23. Rd2 Nd7 24. Qe4 Qxe4+ 25. Nxe4 a5 26. Bxg7 Kxg7 {
0-1 Zernitsky,D-Tseitlin,M (2480)/Leningrad 1978 (46)}) 14... Bh3 15. Re1 Bxg2
16. Kxg2 Rd8 17. Qe2 Qb7 18. Nc2 c5 19. Nd5 Ne8 20. Bxg7 Kxg7 21. h4 e6 22. Nf4
h6 23. Nd3 Nf6 24. Rbd1 Nc6 25. Nf4 a5 26. Rd3 Ne5 27. Rc3 a4 28. Nd3 Nc6 29.
bxa4 Qa8 30. Ra3 Na5 31. Rc3 Qc6 32. f3 e5 33. Qd1 Qa6 34. Ne3 Nc6 35. Nd5 Nxd5
36. cxd5 Nd4 37. f4 c4 38. Nf2 Rb2 39. h5 Rxa2 40. hxg6 fxg6 41. f5 Qa7 42.
Rxc4 Nxf5 43. Rc2 Rxc2 44. Qxc2 Nd4 45. Qd2 Rc8 46. Qe3 Rc2 47. a5 h5 48. a6
Qxa6 49. g4 Ne2 50. gxh5 Nf4+ 51. Kh1 Qa2 52. Rf1 Nxh5 53. Qf3 Nf4 54. Kg1 Qa7
55. Kh1 Rc8 56. Kg1 Rf8 57. Kh2 Rh8+ 58. Kg3 Rf8 59. Kh2 Nh5 60. Qg2 Qd4 61.
Kg1 Qe3 62. Rb1 Nf4 63. Rb7+ Kg8 0-1

[Event "URS Army-ch Final"]
[Site "Gomel"]
[Date "1983.08.??"]
[Round "?"]
[White "Tseitlin, Mark D"]
[Black "Vyzmanavin, Alexey"]
[Result "1-0"]
[WhiteElo "2455"]
[BlackElo "2480"]
[PlyCount "69"]
[EventDate "1983.08.??"]
[EventType "swiss"]
[EventRounds "17"]
[EventCountry "URS"]
[SourceTitle "EXT 2006"]
[Source "ChessBase"]
[SourceDate "2005.11.24"]
[SourceVersion "1"]
[SourceVersionDate "2005.11.24"]
[SourceQuality "1"]

1. e4 c5 2. Nf3 e6 3. d4 cxd4 4. Nxd4 Nc6 5. Nc3 a6 6. Bf4 d6 7. Bg3 Be7 8.
Nxc6 bxc6 9. e5 d5 10. Qg4 g6 11. Bd3 Nh6 12. Qh3 Nf5 13. Bf4 h5 14. Bd2 Qc7
15. O-O-O Qxe5 16. Rhe1 Qc7 17. Bxf5 gxf5 18. Ne2 c5 19. Nf4 Bb7 20. Rxe6 fxe6
21. Nxe6 Qc6 22. Qxf5 a5 23. Re1 Ra6 24. Bg5 Bc8 25. Qg6+ Kd7 26. Bxe7 Qxe6 27.
Rxe6 Rxe6 28. Qg7 Re8 29. Bxc5+ Kc6 30. Be3 Re4 31. Qc3+ Rc4 32. Qxa5 d4 33.
Qxh5 Bd7 34. Qh4 Kc5 35. b3 1-0

[Event "URS Army Team-ch"]
[Site "Almaty"]
[Date "1983.11.??"]
[Round "?"]
[White "Tseitlin, Mark D"]
[Black "Sturua, Zurab"]
[Result "1-0"]
[WhiteElo "2455"]
[BlackElo "2450"]
[PlyCount "73"]
[EventDate "1983.11.??"]
[EventType "team-tourn"]
[EventRounds "13"]
[EventCountry "URS"]
[SourceTitle "EXT 2011"]
[Source "ChessBase"]
[SourceDate "2010.11.26"]
[SourceVersion "1"]
[SourceVersionDate "2010.11.26"]
[SourceQuality "1"]

1. e4 e5 2. Nf3 Nc6 3. Bb5 a6 4. Ba4 Nf6 5. O-O Be7 6. Re1 b5 7. Bb3 d6 8. c3
O-O 9. d4 Bg4 10. d5 Na5 11. Bc2 c6 12. h3 Bc8 13. dxc6 Qc7 14. Nbd2 Qxc6 15.
Nf1 Nc4 16. Ng3 g6 17. Bh6 Nxb2 18. Qc1 Nc4 19. Bxf8 Bxf8 20. a4 Rb8 21. axb5
axb5 22. Bd3 Nd7 23. Qc2 Ndb6 24. Reb1 Bd7 25. Nd2 Rc8 26. Nxc4 Nxc4 27. Qa2 d5
28. exd5 Qxd5 29. Rd1 Qe6 30. Be4 Nb6 31. Qd2 Be8 32. Ra6 Rb8 33. Qe3 f5 34.
Nxf5 b4 35. Nd6 Nc4 36. Qa7 Bxd6 37. Rdxd6 1-0

[Event "Leningrad 83/84"]
[Site "Leningrad"]
[Date "1983.??.??"]
[Round "?"]
[White "Tseitlin, Mark D"]
[Black "Bukhman, Eduard"]
[Result "1-0"]
[WhiteElo "2455"]
[BlackElo "2425"]
[PlyCount "69"]
[EventDate "1983.12.??"]
[EventType "tourn"]
[EventRounds "13"]
[EventCountry "URS"]
[SourceTitle "EXT 2015"]
[Source "ChessBase"]
[SourceDate "2014.11.20"]
[SourceVersion "1"]
[SourceVersionDate "2014.11.20"]
[SourceQuality "1"]

1. Nf3 d5 2. g3 g6 3. Bg2 Bg7 4. O-O e6 5. d4 Nf6 6. c4 O-O 7. Nc3 b6 8. Ne5
Bb7 9. Bg5 h6 10. Bxf6 Bxf6 11. cxd5 exd5 12. f4 c6 13. e4 dxe4 14. Bxe4 Bg7
15. Rf2 f5 16. Bf3 Kh7 17. Rd2 Qd6 18. Rc1 Nd7 19. Nb5 cxb5 20. Bxb7 Rad8 21.
Rcc2 Nb8 22. h4 h5 23. Bc6 a6 24. Bf3 Rc8 25. Bxh5 gxh5 26. Rxc8 Rxc8 27. Qxh5+
Kg8 28. Qf7+ Kh8 29. Qxf5 Rc1+ 30. Kh2 Kg8 31. Qf7+ Kh7 32. Re2 Nc6 33. Nf3
Nxd4 34. Nxd4 Qxd4 35. Qf5+ 1-0

[Event "Leningrad 83/84"]
[Site "Leningrad"]
[Date "1983.??.??"]
[Round "?"]
[White "Tseitlin, Mark D"]
[Black "Osnos, Viatcheslav"]
[Result "1-0"]
[WhiteElo "2455"]
[BlackElo "2455"]
[PlyCount "61"]
[EventDate "1983.12.??"]
[EventType "tourn"]
[EventRounds "13"]
[EventCountry "URS"]
[SourceTitle "EXT 2015"]
[Source "ChessBase"]
[SourceDate "2014.11.20"]
[SourceVersion "1"]
[SourceVersionDate "2014.11.20"]
[SourceQuality "1"]

1. e4 c5 2. Nf3 e6 3. d4 cxd4 4. Nxd4 Nc6 5. Nc3 a6 6. Bf4 Qf6 7. Be3 Bc5 8.
Nxe6 Bxe3 9. Nc7+ Kf8 10. fxe3 Rb8 11. Bc4 Nh6 12. N7d5 Qe5 13. O-O b5 14. Bb3
d6 15. Rf4 Nd8 16. Nb4 Qc5 17. Ncd5 Ne6 18. Nd3 Qa7 19. Rh4 Bb7 20. Qf3 Bxd5
21. exd5 Qe7 22. Rh5 Nc7 23. e4 f6 24. e5 dxe5 25. Rxe5 Qd6 26. Rae1 Rd8 27.
Re7 Ng8 28. R7e4 g5 29. Qf2 Nxd5 30. Re6 Qc7 31. Qf5 1-0

[Event "URS Army Team-ch zonal"]
[Site "Minsk"]
[Date "1984.??.??"]
[Round "?"]
[White "Tseitlin, Mark D"]
[Black "Jussupow, Artur"]
[Result "1-0"]
[WhiteElo "2455"]
[BlackElo "2570"]
[PlyCount "43"]
[EventDate "1984.02.26"]
[EventType "team-tourn"]
[EventRounds "9"]
[EventCountry "URS"]
[SourceTitle "EXT 2015"]
[Source "ChessBase"]
[SourceDate "2014.11.20"]
[SourceVersion "1"]
[SourceVersionDate "2014.11.20"]
[SourceQuality "1"]

1. e4 e6 2. d4 d5 3. e5 c5 4. c3 Nc6 5. Nf3 Bd7 6. a3 Qb6 7. b4 cxd4 8. cxd4
Rc8 9. Bb2 Na5 10. Nbd2 Nc4 11. Nxc4 dxc4 12. Rc1 a5 13. Nd2 axb4 14. Nxc4 Rxc4
15. Bxc4 bxa3 16. Bc3 Qc6 17. Be2 Ne7 18. O-O Nd5 19. Ba5 Be7 20. Rxc6 Bxc6 21.
Qb3 O-O 22. Bb5 1-0

[Event "Leningrad tt"]
[Site "Leningrad"]
[Date "1986.??.??"]
[Round "?"]
[White "Tseitlin, Mark D"]
[Black "Karasev, Vladimir I"]
[Result "1-0"]
[WhiteElo "2445"]
[BlackElo "2350"]
[PlyCount "80"]
[EventDate "1986.??.??"]
[EventType "team"]
[EventRounds "9"]
[EventCountry "URS"]
[SourceTitle "EXT 2000"]
[Source "ChessBase"]
[SourceDate "1999.11.16"]
[SourceVersion "1"]
[SourceVersionDate "1999.11.16"]
[SourceQuality "1"]

1. e4 c5 2. Nf3 e6 3. d4 cxd4 4. Nxd4 Nf6 5. Nc3 Nc6 6. Nxc6 bxc6 7. e5 Nd5 8.
Ne4 Qc7 9. f4 Qb6 10. Bd3 Ba6 11. Qe2 Bb4+ 12. c3 Bxd3 13. Qxd3 Be7 14. a3 f5
15. Nf2 Bc5 16. O-O a5 17. c4 Ne3 18. b4 axb4 19. axb4 Rxa1 20. bxc5 Rxc1 21.
Rxc1 Qxc5 22. h3 Nd5 23. Rb1 Nb6 24. Qd6 Qxd6 25. exd6 Nc8 26. c5 e5 27. fxe5
Kf7 28. Nd3 Ke6 29. Rb7 g5 30. Kf2 h5 31. Ke3 h4 32. Kd4 Rf8 33. Nb4 f4 34. Ke4
f3 35. gxf3 Rf4+ 36. Ke3 Na7 37. Nd3 Ra4 38. Rb8 Nb5 39. Re8+ Kd5 40. e6 Nxd6
1-0

[Event "Leningrad tt"]
[Site "Leningrad"]
[Date "1986.??.??"]
[Round "?"]
[White "Tseitlin, Mark D"]
[Black "Varlamov, Viacheslav"]
[Result "1-0"]
[WhiteElo "2445"]
[BlackElo "2350"]
[PlyCount "79"]
[EventDate "1986.??.??"]
[EventType "team"]
[EventRounds "9"]
[EventCountry "URS"]
[SourceTitle "EXT 2000"]
[Source "ChessBase"]
[SourceDate "1999.11.16"]
[SourceVersion "1"]
[SourceVersionDate "1999.11.16"]
[SourceQuality "1"]

1. d4 g6 2. e4 Bg7 3. Nc3 c6 4. Nf3 d5 5. h3 Nh6 6. e5 f6 7. Bf4 O-O 8. Qd2 Nf7
9. O-O-O fxe5 10. dxe5 e6 11. h4 c5 12. h5 Nc6 13. hxg6 hxg6 14. Re1 c4 15. Rh3
d4 16. Nb5 c3 17. bxc3 Qa5 18. cxd4 Qxa2 19. Qc3 Bd7 20. Bc4 Qa4 21. Qd3 Rfc8
22. Qxg6 Nb4 23. Nc3 Qa3+ 24. Kd1 Qxc3 25. Qxf7+ Kxf7 26. Ng5+ Ke7 27. Rxc3 Nd5
28. Bxd5 Rxc3 29. Bd2 Rc7 30. Bb4+ Ke8 31. Bxe6 Rac8 32. Bf7+ Kd8 33. e6 Be8
34. e7+ Kd7 35. Bxe8+ Kxe8 36. Ne6 Bxd4 37. Nxd4 Rd7 38. c3 Rc4 39. Re4 b6 40.
Rf4 1-0

[Event "URS-chT Army"]
[Site "Novosibirsk"]
[Date "1986.??.??"]
[Round "?"]
[White "Pigusov, Evgeny"]
[Black "Tseitlin, Mark D"]
[Result "0-1"]
[WhiteElo "2495"]
[BlackElo "2445"]
[PlyCount "46"]
[EventDate "1986.??.??"]
[EventType "team"]
[EventRounds "11"]
[EventCountry "URS"]
[SourceTitle "EXT 2000"]
[Source "ChessBase"]
[SourceDate "1999.11.16"]
[SourceVersion "1"]
[SourceVersionDate "1999.11.16"]
[SourceQuality "1"]

1. c4 e5 2. g3 Nf6 3. Nc3 c6 4. d4 exd4 5. Qxd4 d5 6. Bg2 Be7 7. cxd5 O-O 8.
Nf3 Nxd5 9. Nxd5 cxd5 10. O-O Nc6 11. Qd2 Bf6 12. Rd1 Qb6 13. Ng5 Nd4 14. e3
Nc6 15. Nh3 Bg4 16. Rf1 Ne5 17. Kh1 Rad8 18. Nf4 Nf3 19. Qd3 Be5 20. e4 dxe4
21. Qxe4 Rd4 22. Qe3 Bxf4 23. gxf4 Qb5 0-1

[Event "URS-chT Army"]
[Site "Novosibirsk"]
[Date "1986.??.??"]
[Round "?"]
[White "Tseitlin, Mark D"]
[Black "Dautov, Rustem"]
[Result "1-0"]
[WhiteElo "2445"]
[BlackElo "2350"]
[PlyCount "83"]
[EventDate "1986.??.??"]
[EventType "team"]
[EventRounds "11"]
[EventCountry "URS"]
[SourceTitle "EXT 2000"]
[Source "ChessBase"]
[SourceDate "1999.11.16"]
[SourceVersion "1"]
[SourceVersionDate "1999.11.16"]
[SourceQuality "1"]

1. e4 e5 2. Nf3 Nc6 3. Bb5 Nf6 4. O-O Nxe4 5. d4 Nd6 6. Bxc6 dxc6 7. dxe5 Nf5
8. Qxd8+ Kxd8 9. Nc3 Ke8 10. h3 a5 11. Ne2 a4 12. Nf4 h5 13. Re1 Be6 14. Nxe6
fxe6 15. Re4 Bc5 16. Bg5 b5 17. Rd1 Rf8 18. Rd3 Bb6 19. g4 hxg4 20. hxg4 Ne7
21. Bxe7 Kxe7 22. Nd4 Kf7 23. Kg2 Ke8 24. Nxe6 Rxf2+ 25. Kg3 Rf7 26. Rf4 Rxf4
27. Kxf4 g6 28. Kg5 Ke7 29. Nf4 Bc5 30. Rh3 Re8 31. Nxg6+ Ke6 32. Rf3 b4 33.
Rf6+ Kd5 34. Kf5 Be3 35. Rf8 Rxf8+ 36. Nxf8 Bd4 37. Nd7 Bxb2 38. Nf6+ Kc5 39.
Ne4+ Kd5 40. e6 b3 41. cxb3 axb3 42. axb3 1-0

[Event "Leningrad-ch"]
[Site "Leningrad"]
[Date "1987.??.??"]
[Round "?"]
[White "Tseitlin, Mark D"]
[Black "Agapov, Konstantin"]
[Result "1-0"]
[WhiteElo "2445"]
[BlackElo "2395"]
[PlyCount "123"]
[EventDate "1987.??.??"]
[EventType "tourn"]
[EventRounds "17"]
[EventCountry "URS"]
[SourceTitle "EXT 2002"]
[Source "ChessBase"]
[SourceDate "2001.11.25"]
[SourceVersion "1"]
[SourceVersionDate "2001.11.25"]
[SourceQuality "1"]

1. Nf3 Nf6 2. d4 c5 3. d5 g6 4. Nc3 Bg7 5. e4 O-O 6. Be2 d6 7. O-O Bg4 8. a4
Na6 9. Bf4 Nc7 10. Qd2 a6 11. h3 Bxf3 12. Bxf3 Nd7 13. Be2 b6 14. Rfe1 Rb8 15.
Bh6 Bxh6 16. Qxh6 b5 17. axb5 axb5 18. b4 cxb4 19. Na2 Na6 20. Qd2 Qc7 21. Bd3
Qc5 22. Rab1 e6 23. dxe6 fxe6 24. Re3 Ne5 25. Nxb4 Nxb4 26. Qxb4 Nxd3 27. cxd3
e5 28. Re2 Qxb4 29. Rxb4 Rfc8 30. Reb2 Rc5 31. d4 exd4 32. Rxd4 Rb6 33. f4 Kf7
34. Kf2 Ke6 35. g4 d5 36. Rbd2 dxe4 37. Rxe4+ Kf6 38. Rd7 Rc2+ 39. Kg3 Rc3+ 40.
Kg2 Rc2+ 41. Kf3 Rc3+ 42. Kf2 Rc2+ 43. Ke3 Rc3+ 44. Kd4 Rxh3 45. Re5 g5 46.
Rf5+ Kg6 47. Rxg5+ Kf6 48. Rf5+ Kg6 49. Rf8 Rc6 50. Rd5 Rc4+ 51. Ke5 Re3+ 52.
Kd6 Kg7 53. Rff5 Ree4 54. Rg5+ Kh8 55. f5 Rxg4 56. f6 Rxg5 57. Rxg5 h6 58. Rg3
Ra4 59. Ke6 Ra6+ 60. Kf5 Kh7 61. Rg7+ Kh8 62. Kg6 1-0

[Event "Leningrad-ch"]
[Site "Leningrad"]
[Date "1987.??.??"]
[Round "?"]
[White "Tseitlin, Mark D"]
[Black "Yudasin, Leonid"]
[Result "1-0"]
[WhiteElo "2445"]
[BlackElo "2505"]
[PlyCount "55"]
[EventDate "1987.??.??"]
[EventType "tourn"]
[EventRounds "17"]
[EventCountry "URS"]
[SourceTitle "EXT 2002"]
[Source "ChessBase"]
[SourceDate "2001.11.25"]
[SourceVersion "1"]
[SourceVersionDate "2001.11.25"]
[SourceQuality "1"]

1. e4 c5 2. Nf3 e6 3. d4 cxd4 4. Nxd4 Nc6 5. Nc3 a6 6. Bf4 d6 7. Bg3 Nf6 8. Be2
Be7 9. Nxc6 bxc6 10. e5 Nd5 11. exd6 Bxd6 12. Ne4 Bxg3 13. hxg3 f5 14. Nd2 Qf6
15. Nc4 e5 16. Qd2 O-O 17. O-O-O Rb8 18. f4 exf4 19. gxf4 Be6 20. Ne5 Nb4 21.
a3 Rfd8 22. Qe3 Nd5 23. Qf2 a5 24. g3 Rdc8 25. Qc5 h6 26. Rhe1 Rc7 27. Bc4 a4
28. Bxd5 1-0

[Event "Dreszer op"]
[Site "Gdynia"]
[Date "1989.??.??"]
[Round "1"]
[White "Tseitlin, Mark D"]
[Black "Cichocki, Adam"]
[Result "1-0"]
[WhiteElo "2430"]
[BlackElo "2320"]
[PlyCount "71"]
[EventDate "1989.??.??"]
[EventType "swiss"]
[EventRounds "10"]
[EventCountry "POL"]
[SourceTitle "EXT 1997"]
[Source "ChessBase"]
[SourceDate "1996.11.15"]
[SourceVersion "1"]
[SourceVersionDate "1996.11.15"]
[SourceQuality "1"]

1. e4 e6 2. d4 d5 3. Nd2 Nf6 4. e5 Nfd7 5. Bd3 c5 6. c3 Nc6 7. Ngf3 cxd4 8.
cxd4 Qb6 9. O-O Nxd4 10. Nxd4 Qxd4 11. Nf3 Qg4 12. h3 Qh5 13. Re1 Be7 14. Be2
O-O 15. Bf4 Qg6 16. Rc1 b6 17. Rc7 Bd8 18. Rc3 Nc5 19. Nd4 h6 20. Rg3 Qh7 21.
Qc1 Ne4 22. Bd3 Bh4 23. Bxe4 dxe4 24. Rg4 g5 25. Rxh4 gxh4 26. Bxh6 Bb7 27.
Qg5+ Qg6 28. Qxh4 e3 29. f3 Rfd8 30. Bxe3 Rac8 31. Kh2 Rd5 32. Bf2 Rc4 33. Re4
f5 34. Nxf5 Rxe4 35. Ne7+ Kf7 36. fxe4 1-0

[Event "Dreszer op"]
[Site "Gdynia"]
[Date "1989.??.??"]
[Round "5"]
[White "Tseitlin, Mark D"]
[Black "Pieniazek, Artur"]
[Result "1-0"]
[WhiteElo "2430"]
[BlackElo "2315"]
[PlyCount "59"]
[EventDate "1989.??.??"]
[EventType "swiss"]
[EventRounds "10"]
[EventCountry "POL"]
[SourceTitle "EXT 1997"]
[Source "ChessBase"]
[SourceDate "1996.11.15"]
[SourceVersion "1"]
[SourceVersionDate "1996.11.15"]
[SourceQuality "1"]

1. e4 c5 2. Nf3 e6 3. Nc3 d6 4. d4 cxd4 5. Qxd4 a6 6. Bg5 Nc6 7. Qd2 Nf6 8.
O-O-O b5 9. e5 dxe5 10. Qxd8+ Nxd8 11. Nxb5 axb5 12. Bxb5+ Bd7 13. Rxd7 Nxd7
14. Rd1 Be7 15. Bxe7 Kxe7 16. Rxd7+ Kf6 17. a4 Rb8 18. Nd2 Nb7 19. Ne4+ Kg6 20.
b4 Rhd8 21. Rxd8 Nxd8 22. Nc5 f6 23. c4 Kf7 24. Nd7 Rc8 25. a5 Nc6 26. Nb6 Rc7
27. Bxc6 Rxc6 28. c5 Ke7 29. a6 Rc7 30. a7 1-0

[Event "Dreszer op"]
[Site "Gdynia"]
[Date "1989.??.??"]
[Round "7"]
[White "Tseitlin, Mark D"]
[Black "Kveinys, Aloyzas"]
[Result "1-0"]
[WhiteElo "2430"]
[BlackElo "2345"]
[PlyCount "49"]
[EventDate "1989.??.??"]
[EventType "swiss"]
[EventRounds "10"]
[EventCountry "POL"]
[SourceTitle "EXT 1997"]
[Source "ChessBase"]
[SourceDate "1996.11.15"]
[SourceVersion "1"]
[SourceVersionDate "1996.11.15"]
[SourceQuality "1"]

1. e4 c5 2. Nf3 d6 3. d4 cxd4 4. Nxd4 Nf6 5. Nc3 Nc6 6. Bg5 e6 7. Qd2 Be7 8.
O-O-O O-O 9. f4 h6 10. Bh4 e5 11. Nf5 Bxf5 12. exf5 exf4 13. Kb1 d5 14. Bxf6
Bxf6 15. Nxd5 Be5 16. c3 Ne7 17. Bc4 Nxf5 18. Qe2 Qb8 19. g3 Ne3 20. gxf4 Nxd1
21. fxe5 Nf2 22. Re1 Re8 23. Nf6+ gxf6 24. Qh5 Qd8 25. Rg1+ 1-0

[Event "Dreszer op"]
[Site "Gdynia"]
[Date "1989.??.??"]
[Round "10"]
[White "Jigjidsuren, Purev"]
[Black "Tseitlin, Mark D"]
[Result "0-1"]
[WhiteElo "2390"]
[BlackElo "2430"]
[PlyCount "82"]
[EventDate "1989.??.??"]
[EventType "swiss"]
[EventRounds "10"]
[EventCountry "POL"]
[SourceTitle "EXT 1997"]
[Source "ChessBase"]
[SourceDate "1996.11.15"]
[SourceVersion "1"]
[SourceVersionDate "1996.11.15"]
[SourceQuality "1"]

1. e4 g6 2. d4 Bg7 3. f4 d5 4. e5 h5 5. c3 Nh6 6. Nf3 Bg4 7. Be3 Nf5 8. Bf2 c6
9. Nbd2 Bh6 10. h3 Bxf3 11. Qxf3 h4 12. Bd3 e6 13. Nf1 Nd7 14. Ne3 Nxe3 15.
Bxe3 Bf8 16. O-O Be7 17. b3 c5 18. Kh1 Qb6 19. Rac1 cxd4 20. cxd4 Rd8 21. Rc2
Nb8 22. Qg4 Kd7 23. Qf3 Nc6 24. Rcc1 Ba3 25. Rb1 Nb4 26. Rfd1 Rc8 27. Bd2 Kc7
28. Bf1 Kb8 29. Qg4 Rh5 30. Be1 Nc2 31. Bf2 Be7 32. b4 Rc3 33. Rd3 Rc7 34. Rdb3
Qc6 35. Bd3 Qa4 36. Qd1 Na3 37. b5 Nxb1 38. Qxb1 Rh8 39. b6 axb6 40. Rxb6 Rhc8
41. Qb2 Qd1+ 0-1

[Event "GMA qual"]
[Site "Belgorod"]
[Date "1989.??.??"]
[Round "?"]
[White "Tseitlin, Mark D"]
[Black "Bagaturov, Giorgi"]
[Result "1-0"]
[WhiteElo "2430"]
[BlackElo "2365"]
[PlyCount "59"]
[EventDate "1989.??.??"]
[EventType "swiss"]
[EventRounds "9"]
[EventCountry "URS"]
[SourceTitle "TD"]
[Source "ChessBase"]
[SourceDate "1994.03.01"]
[SourceVersion "1"]
[SourceVersionDate "1994.03.01"]
[SourceQuality "1"]

1. e4 c5 2. Nf3 e6 3. b3 d6 4. Bb2 Nf6 5. d3 Be7 6. g3 O-O 7. Bg2 d5 8. Nbd2
Nc6 9. O-O Qc7 10. Re1 d4 11. e5 Nd7 12. Qe2 b5 13. a4 bxa4 14. Rxa4 a5 15. Nc4
Ba6 16. Nfd2 Bb5 17. Ra3 Ra7 18. f4 a4 19. bxa4 Rxa4 20. Rxa4 Bxa4 21. Ne4 Nb4
22. c3 dxc3 23. Bxc3 Nb6 24. Nf6+ Bxf6 25. exf6 g6 26. f5 Nxc4 27. dxc4 Qd6 28.
fxe6 fxe6 29. Bh3 Bd7 30. Rd1 1-0

[Event "GMA qual"]
[Site "Belgorod"]
[Date "1989.??.??"]
[Round "?"]
[White "Tseitlin, Mark D"]
[Black "Kveinys, Aloyzas"]
[Result "1-0"]
[WhiteElo "2430"]
[BlackElo "2345"]
[PlyCount "69"]
[EventDate "1989.??.??"]
[EventType "swiss"]
[EventRounds "9"]
[EventCountry "URS"]
[SourceTitle "TD"]
[Source "ChessBase"]
[SourceDate "1994.03.01"]
[SourceVersion "1"]
[SourceVersionDate "1994.03.01"]
[SourceQuality "1"]

1. Nf3 Nf6 2. g3 c5 3. Bg2 g6 4. O-O Bg7 5. c4 Nc6 6. d4 cxd4 7. Nxd4 O-O 8.
Nc3 Nxd4 9. Qxd4 d6 10. Qd3 Bf5 11. e4 Be6 12. Bd2 Nd7 13. b3 Ne5 14. Qe2 a6
15. h3 Nc6 16. Rac1 Qd7 17. Nd5 Rab8 18. Kh2 b5 19. Be3 Rfe8 20. Rfd1 bxc4 21.
Rxc4 a5 22. Rdc1 Bxd5 23. exd5 Nb4 24. Rc7 Qb5 25. Qxb5 Rxb5 26. Rxe7 Rf8 27.
a4 Rbb8 28. Ra7 Nd3 29. Rc6 Rxb3 30. Rxd6 Rb2 31. Rb6 Ra2 32. d6 Nxf2 33. d7
Rd8 34. Rc7 Bf8 35. Rc8 1-0

[Event "Warsaw op"]
[Site "Warsaw"]
[Date "1989.??.??"]
[Round "?"]
[White "Tseitlin, Mark D"]
[Black "Bojczuk, Zygmunt"]
[Result "1-0"]
[WhiteElo "2460"]
[BlackElo "2345"]
[PlyCount "135"]
[EventDate "1989.04.??"]
[EventType "swiss"]
[EventRounds "9"]
[EventCountry "POL"]
[SourceTitle "EXT 1997"]
[Source "ChessBase"]
[SourceDate "1996.11.15"]
[SourceVersion "1"]
[SourceVersionDate "1996.11.15"]
[SourceQuality "1"]

1. e4 c5 2. Nf3 g6 3. d4 cxd4 4. Qxd4 Nf6 5. Bb5 Nc6 6. Bxc6 dxc6 7. Qxd8+ Kxd8
8. Nc3 Bg4 9. Bf4 Ke8 10. O-O-O Bg7 11. Rhe1 Rd8 12. Rxd8+ Kxd8 13. e5 Nd5 14.
Nxd5 cxd5 15. Nd4 Kd7 16. h3 Be6 17. a4 Rc8 18. b3 Rc5 19. Be3 Ra5 20. f4 Ra6
21. g4 Kc8 22. Nb5 Bd7 23. Nxa7+ Kb8 24. Nb5 Bxb5 25. axb5 Ra1+ 26. Kd2 Rxe1
27. Kxe1 e6 28. c4 dxc4 29. bxc4 Bf8 30. Ke2 Kc7 31. Kd3 Be7 32. Ke4 Kd7 33. f5
Bh4 34. Bc5 Bg5 35. Bd6 Bc1 36. h4 Bd2 37. h5 gxh5 38. gxh5 Bg5 39. Bc5 Bh6 40.
Bd4 Bg5 41. f6 Bc1 42. Kd3 Bf4 43. Kc3 Kc7 44. Kb4 Bh6 45. Bc5 Bd2+ 46. Ka4 Bc3
47. Bd6+ Kd7 48. Ka3 Bd2 49. Kb3 Be1 50. Bb4 Bf2 51. Bc3 Kc7 52. Ka4 Kd7 53.
Ka5 Kc7 54. Bb4 Bb6+ 55. Ka4 Be3 56. Bd6+ Kb6 57. Kb4 Bd2+ 58. Kb3 Be1 59. Kb2
Bd2 60. Kc2 Bf4 61. Kc3 Bc1 62. Be7 Kc7 63. Kb4 Bd2+ 64. Ka4 Be3 65. Ka5 Bb6+
66. Kb4 Be3 67. Bd6+ Kc8 68. Ka5 1-0

[Event "Tel Aviv BIKURI"]
[Site "Tel Aviv"]
[Date "1990.??.??"]
[Round "?"]
[White "Emms, John M"]
[Black "Tseitlin, Mark D"]
[Result "0-1"]
[WhiteElo "2400"]
[BlackElo "2415"]
[PlyCount "96"]
[EventDate "1990.??.??"]
[EventType "swiss"]
[EventRounds "10"]
[EventCountry "ISR"]
[SourceTitle "EXT 2004"]
[Source "ChessBase"]
[SourceDate "2003.11.25"]
[SourceVersion "1"]
[SourceVersionDate "2003.11.25"]
[SourceQuality "1"]

1. e4 c5 2. Nf3 d6 3. c3 Nf6 4. Be2 Nc6 5. d4 e6 6. d5 exd5 7. exd5 Ne7 8. c4
g6 9. O-O Bg7 10. Nc3 O-O 11. h3 a6 12. a4 b6 13. Bd3 Nf5 14. Bf4 Nd4 15. Nxd4
cxd4 16. Ne2 Nh5 17. Bh2 f5 18. f4 Re8 19. Kh1 Ra7 20. Bg1 g5 21. Nxd4 Ng3+ 22.
Kh2 Nxf1+ 23. Bxf1 Rf7 24. fxg5 Qxg5 25. Nf3 Qh6 26. Ra2 f4 27. b4 Re3 28. c5
bxc5 29. bxc5 dxc5 30. d6 Be6 31. Rd2 Rd7 32. Bxa6 Bg4 33. Bxe3 fxe3 34. Qb3+
Be6 35. Qb8+ Bf8 36. Rd1 Bxh3 37. Kg1 Qf4 38. Bc8 Bxg2 39. Bxd7 Bxf3 40. Be6+
Kg7 41. Qb2+ Kg6 42. Re1 Qh4 43. Qc2+ Be4 44. Bf5+ Bxf5 45. Qg2+ Kf6 46. Rxe3
Qxa4 47. Qg8 Qd4 48. Kf2 Qxd6 0-1

[Event "ISR-ch"]
[Site "Rishon Le Ziyyon"]
[Date "1990.??.??"]
[Round "?"]
[White "Manor, Ilan"]
[Black "Tseitlin, Mark D"]
[Result "0-1"]
[WhiteElo "2450"]
[BlackElo "2415"]
[PlyCount "42"]
[EventDate "1990.05.06"]
[EventType "swiss"]
[EventRounds "11"]
[EventCountry "ISR"]
[SourceTitle "EXT 2004"]
[Source "ChessBase"]
[SourceDate "2003.11.25"]
[SourceVersion "1"]
[SourceVersionDate "2003.11.25"]
[SourceQuality "1"]

1. d4 Nf6 2. c4 g6 3. Nc3 Bg7 4. e4 O-O 5. Be3 c6 6. e5 Ne8 7. f4 d6 8. Nf3 Bg4
9. Be2 f6 10. exf6 exf6 11. O-O Nd7 12. d5 c5 13. f5 Qe7 14. Qd2 Bxf5 15. b4
cxb4 16. Nd1 Nc5 17. Nd4 Bd7 18. Qxb4 f5 19. Re1 Nf6 20. Kh1 Ng4 21. Bg1 Rae8
0-1

[Event "ISR-ch"]
[Site "Rishon Le Ziyyon"]
[Date "1990.05.16"]
[Round "10"]
[White "Avni, Amatzia"]
[Black "Tseitlin, Mark D"]
[Result "0-1"]
[WhiteElo "2375"]
[BlackElo "2415"]
[PlyCount "59"]
[EventDate "1990.05.06"]
[EventType "swiss"]
[EventRounds "11"]
[EventCountry "ISR"]
[SourceTitle "EXT 2020"]
[Source "ChessBase"]
[SourceDate "2019.10.17"]
[SourceVersion "1"]
[SourceVersionDate "2019.10.17"]
[SourceQuality "1"]

1. d4 Nf6 2. Nf3 g6 3. c4 Bg7 4. Nc3 O-O 5. Bf4 c5 6. d5 d6 7. h3 a6 8. e3 Qa5
9. Qd2 b5 10. Bd3 bxc4 11. Bxc4 Qb4 12. Be2 Bf5 13. O-O Ne4 14. Nxe4 Bxe4 15.
Qxb4 cxb4 16. Rad1 Bxb2 17. Ng5 Bf5 18. g4 Bd7 19. Rb1 Ba3 20. Ne4 Rc8 21. Bd3
Ba4 22. Nd2 Rc3 23. Be4 Nd7 24. Nb3 Bxb3 25. Rxb3 Rxb3 26. axb3 Rc8 27. Bd3 a5
28. Bb5 Nc5 29. Bc4 Ne4 30. Rd1 0-1